[Event "DEM U10 2019"]
[Site "Willingen GER"]
[Date "2019.06.15"]
[Round "11"]
[White "Ruddat, Jarne"]
[Black "Guo, Jacob Tingshen"]
[Result "1/2-1/2"]
[Termination "normal"]
[Board "13"]
[WhiteElo "1350"]
[BlackElo "1420"]
[PlyCount "42"]
[WhiteFideId "16254236"]
[BlackFideId "16245245"]
[EventCountry "GER"]
[EventRounds "11"]
[EventType "swiss"]
[EventDate "2019.06.08"]

1. e4 c5 2. Nc3 Nc6 3. f4 g6 4. Nf3 Bg7 5. Bb5 e6 6. O-O Nge7 7. d3 O-O 8. Be3
b6 9. d4 cxd4 10. Nxd4 Bb7 11. Nxc6 dxc6 12. Qxd8 Rfxd8 13. Bd3 c5 14. e5 Nc6
15. Ne4 Nb4 16. Nd6 Bc6 17. Rfd1 Bd5 18. c3 Nxd3 19. Rxd3 Bf8 20. Nb5 Rdc8 21.
Rd2 a5 1/2-1/2

[Event "DEM U10 2019"]
[Site "Willingen GER"]
[Date "2019.06.15"]
[Round "11"]
[White "Fietz, Nils"]
[Black "Burkart, Lloyd Shang"]
[Result "1-0"]
[Termination "normal"]
[Board "14"]
[WhiteElo "1677"]
[BlackElo "1411"]
[PlyCount "169"]
[WhiteFideId "16263880"]
[BlackFideId "16239059"]
[EventCountry "GER"]
[EventRounds "11"]
[EventType "swiss"]
[EventDate "2019.06.08"]

1. e4 c5 2. c3 Nf6 3. e5 Nd5 4. d4 cxd4 5. cxd4 Nc6 6. Nf3 d6 7. Be2 e6 8. O-O
Be7 9. Nbd2 O-O 10. Ne4 dxe5 11. dxe5 b6 12. a3 Bb7 13. Qc2 h6 14. b4 Rc8 15.
Qb3 Qc7 16. Bb2 Rfd8 17. Rac1 Qb8 18. Rfd1 a6 19. Bc4 Nf4 20. Qe3 Ng6 21. Qxb6
Qa8 22. Nd6 Bxd6 23. Rxd6 Rxd6 24. exd6 Rd8 25. Rd1 Na7 26. Bxa6 Bxf3 27. gxf3
Nh4 28. Qb7 Nxf3+ 29. Kg2 Qxb7 30. Bxb7 Nh4+ 31. Kh3 Nf5 32. d7 Nb5 33. Be5 f6
34. Bb8 Nfd6 35. Bxd6 Rxd7 36. Bc8 Rxd6 37. Rxd6 Nxd6 38. Bxe6+ Kf8 39. a4 Ke7
40. Bd5 Kd7 41. a5 Kc7 42. Kg4 g6 43. h4 f5+ 44. Kf4 Nb5 45. Ke5 Nd6 46. a6 Nb5
47. Bc4 Nc3 48. Kf6 Nd1 49. Bd5 Kb6 50. b5 Nxf2 51. Kxg6 Ne4 52. Kxh6 Nf6 53.
Bc6 Ng4+ 54. Kg5 Ne3 55. h5 Ng4 56. h6 Nxh6 57. Kxh6 f4 58. Kg5 f3 59. Bxf3 Ka7
60. Kf5 Kb6 61. Ke6 Ka7 62. Kd7 Kb6 63. Kc8 Ka7 64. Be2 Ka8 65. Bf3+ Ka7 66.
Bg2 Kb6 67. Kb8 Kc5 68. Bc6 Kd4 69. a7 Kc3 70. a8=Q Kb4 71. Qa2 Kc5 72. Kc7 Kd4
73. Qc2 Ke5 74. Qd3 Ke6 75. Qd5+ Kf6 76. Qe4 Kg5 77. Qf3 Kg6 78. Qf4 Kg7 79.
Qf5 Kg8 80. Qf6 Kh7 81. Kd8 Kg8 82. Ke8 Kh7 83. Be4+ Kg8 84. Qf7+ Kh8 85. Qh7#
1-0

[Event "DEM U10 2019"]
[Site "Willingen GER"]
[Date "2019.06.15"]
[Round "11"]
[White "Kullmann, Max"]
[Black "Goldmann, David"]
[Result "0-1"]
[Termination "normal"]
[Board "15"]
[WhiteElo "1455"]
[BlackElo "1477"]
[PlyCount "75"]
[WhiteFideId "16218574"]
[BlackFideId "16268920"]
[EventCountry "GER"]
[EventRounds "11"]
[EventType "swiss"]
[EventDate "2019.06.08"]

1. d4 d5 2. c4 e6 3. Nc3 c5 4. e3 Nf6 5. Nf3 Nc6 6. Bd2 cxd4 7. exd4 dxc4 8.
Bg5 Bb4 9. Bxc4 h6 10. Bh4 g5 11. Bg3 g4 12. Nh4 Ne4 13. Qd3 Nxg3 14. hxg3 Qxd4
15. Qxd4 Nxd4 16. O-O-O Bxc3 17. bxc3 Nc6 18. Rhe1 Bd7 19. Nf5 Bc8 20. Bb5 a6
21. Ba4 b5 22. Bc2 Ra7 23. Nd6+ Ke7 24. Re4 h5 25. Rf4 f6 26. Ne4 f5 27. Nc5 e5
28. Rxf5 Bxf5 29. Bxf5 Rf8 30. Be4 Nd8 31. Rd2 a5 32. Re2 Rc7 33. Na6 Rxc3+ 34.
Kb2 Rc4 35. Rd2 Rxe4 36. Nc5 Rb4+ 37. Kc3 Rc4+ 38. Kb3 0-1

[Event "DEM U10 2019"]
[Site "Willingen GER"]
[Date "2019.06.15"]
[Round "11"]
[White "Shkundin, Maximilian"]
[Black "Brügmann, Nick"]
[Result "0-1"]
[Termination "normal"]
[Board "16"]
[WhiteElo "1224"]
[BlackElo "1415"]
[PlyCount "110"]
[WhiteFideId "16287258"]
[BlackFideId "16287126"]
[EventCountry "GER"]
[EventRounds "11"]
[EventType "swiss"]
[EventDate "2019.06.08"]

1. e4 c5 2. Nf3 e6 3. d4 cxd4 4. Nxd4 Nf6 5. Nc3 Nc6 6. Bg5 Be7 7. Bc4 Nxe4 8.
Bxe7 Nxc3 9. Bxd8 Nxd1 10. Rxd1 Kxd8 11. O-O d5 12. Bb3 Bd7 13. c4 dxc4 14.
Bxc4 Nxd4 15. Rxd4 Ke7 16. Rfd1 Rhd8 17. f3 Bc6 18. Rxd8 Rxd8 19. Rxd8 Kxd8 20.
Kf2 Bd5 21. b3 Kc7 22. Bd3 h6 23. Ke3 e5 24. Be4 Kd6 25. Bxd5 Kxd5 26. Kd3 f5
27. g3 g5 28. h3 h5 29. Ke3 f4+ 30. gxf4 gxf4+ 31. Kd3 h4 32. Ke2 Kd4 33. Kd2
a5 34. a3 b5 35. Ke2 Kc3 36. b4 axb4 37. axb4 Kxb4 38. Kd3 Kb3 39. Ke4 Kc2 40.
Kxe5 b4 41. Kxf4 b3 42. Kg4 b2 43. Kxh4 b1=Q 44. f4 Qb4 45. Kg5 Qf8 46. f5 Qg7+
47. Kf4 Kd3 48. f6 Qxf6+ 49. Kg4 Ke3 50. Kh5 Kf4 51. h4 Qh8+ 52. Kg6 Qxh4 53.
Kg7 Qe7+ 54. Kh6 Qg5+ 55. Kh7 Kf5 0-1

[Event "DEM U10 2019"]
[Site "Willingen GER"]
[Date "2019.06.15"]
[Round "11"]
[White "Meng, Yuxuan"]
[Black "Bock, Leonas"]
[Result "1-0"]
[Termination "normal"]
[Board "17"]
[WhiteElo "1288"]
[BlackElo "1363"]
[PlyCount "101"]
[WhiteFideId "16258231"]
[BlackFideId "16287118"]
[EventCountry "GER"]
[EventRounds "11"]
[EventType "swiss"]
[EventDate "2019.06.08"]

1. e4 e5 2. Nf3 Nc6 3. Bb5 a6 4. Ba4 Nf6 5. Qe2 b5 6. Bb3 Bc5 7. a4 Bb7 8. axb5
axb5 9. Rxa8 Qxa8 10. Qxb5 Nxe4 11. O-O O-O 12. d3 Ba6 13. Qa4 Nf6 14. Re1 d6
15. Bg5 Nd4 16. Nxd4 Bxd4 17. c3 Bb6 18. Bxf6 gxf6 19. Qg4+ Kh8 20. d4 Rg8 21.
Qe4 Qxe4 22. Rxe4 Bd3 23. Re1 Rg7 24. dxe5 fxe5 25. g3 h5 26. h4 Rxg3+ 27. Kh2
Bxf2 28. Rd1 Bxb1 29. Rxb1 e4 30. Bxf7 e3 31. Bxh5 Kh7 32. Be2 Kh6 33. h5 Rg5
34. Rd1 d5 35. Ra1 Bg3+ 36. Kh1 Rf5 37. Kg2 Rf2+ 38. Kxg3 Rxe2 39. Kf3 Rxb2 40.
Kxe3 Kxh5 41. Ra7 c6 42. Ra6 Kg6 43. Rxc6+ Kf7 44. Kd4 Rb5 45. Rd6 Ke7 46. Rxd5
Rxd5+ 47. Kxd5 Kd7 48. c4 Kc7 49. Kc5 Kb7 50. Kd6 Kc8 51. Kc6 1-0

[Event "DEM U10 2019"]
[Site "Willingen GER"]
[Date "2019.06.15"]
[Round "11"]
[White "Möller, Tom"]
[Black "Fruth, David"]
[Result "1-0"]
[Termination "normal"]
[Board "18"]
[WhiteElo "1229"]
[BlackElo "1423"]
[PlyCount "103"]
[WhiteFideId "16287215"]
[BlackFideId "16257596"]
[EventCountry "GER"]
[EventRounds "11"]
[EventType "swiss"]
[EventDate "2019.06.08"]

1. e4 e5 2. Nf3 Nf6 3. Nxe5 d6 4. Nf3 Nxe4 5. Qe2 Qe7 6. d3 Nf6 7. Bg5 Qxe2+ 8.
Bxe2 Be7 9. Nc3 O-O 10. Ne4 Nxe4 11. Bxe7 Re8 12. dxe4 Rxe7 13. Nd2 Nc6 14. c3
f5 15. f3 fxe4 16. fxe4 Bf5 17. Bc4+ Kh8 18. Bd5 Bg6 19. Kf2 Rf8+ 20. Kg3 Nd8
21. Rae1 c6 22. Bb3 Rfe8 23. Bc2 d5 24. Kf3 Nf7 25. h4 h5 26. Re2 Nd6 27. Rhe1
Rf8+ 28. Kg3 Rfe8 29. Kf3 Kh7 30. exd5 Rxe2 31. Bxg6+ Kxg6 32. Rxe2 Rxe2 33.
Kxe2 Kf5 34. dxc6 bxc6 35. Kf3 Nf7 36. Nc4 Ne5+ 37. Nxe5 Kxe5 38. b3 c5 39. a3
a6 40. b4 cxb4 41. cxb4 Kd4 42. a4 Kc4 43. b5 axb5 44. axb5 Kxb5 45. Kf4 Kc5
46. Kg5 Kd6 47. Kg6 Ke6 48. Kxg7 Kf5 49. Kh6 Kg4 50. g3 Kxg3 51. Kxh5 Kf4 52.
Kg6 1-0

[Event "DEM U10 2019"]
[Site "Willingen GER"]
[Date "2019.06.15"]
[Round "11"]
[White "Jouani, Zakharia"]
[Black "Lumma, Justus"]
[Result "1-0"]
[Termination "normal"]
[Board "19"]
[WhiteElo "1507"]
[BlackElo "1077"]
[PlyCount "31"]
[WhiteFideId "16206746"]
[BlackFideId "16287193"]
[EventCountry "GER"]
[EventRounds "11"]
[EventType "swiss"]
[EventDate "2019.06.08"]

1. e4 e5 2. Nf3 Nc6 3. d4 exd4 4. Nxd4 Bc5 5. Nxc6 Qf6 6. f4 Qxc6 7. Nc3 Bb4 8.
Qf3 Ne7 9. Bd2 Qd6 10. O-O-O O-O 11. g4 b6 12. Bd3 Bb7 13. Qh3 Bxc3 14. e5
Bxd2+ 15. Rxd2 Qd4 16. Qxh7# 1-0

[Event "DEM U10 2019"]
[Site "Willingen GER"]
[Date "2019.06.15"]
[Round "11"]
[White "Birkenheier, Nicolas"]
[Black "Buchinger, Alexis"]
[Result "1/2-1/2"]
[Termination "normal"]
[Board "21"]
[WhiteElo "1160"]
[BlackElo "1291"]
[PlyCount "147"]
[WhiteFideId "16287100"]
[BlackFideId "16287134"]
[EventCountry "GER"]
[EventRounds "11"]
[EventType "swiss"]
[EventDate "2019.06.08"]

1. e4 c5 2. Nf3 g6 3. c3 Bg7 4. d4 cxd4 5. cxd4 Nf6 6. e5 Nd5 7. Bc4 Nb6 8. Bb3
Nc6 9. Nc3 d6 10. exd6 exd6 11. O-O O-O 12. Re1 Bg4 13. d5 Nd4 14. Re3 Bxf3 15.
Rxf3 Nxf3+ 16. Qxf3 Qf6 17. Qxf6 Bxf6 18. Bf4 Be5 19. Bg5 f6 20. Be3 Rac8 21.
Rc1 Nc4 22. Bxc4 Rxc4 23. Bxa7 Ra8 24. Be3 Bxc3 25. bxc3 Rxa2 26. h3 f5 27. Bd4
Rd2 28. Rb1 Rc7 29. Kh2 Ra2 30. Re1 Kf7 31. Kg3 Rd2 32. Kh2 b5 33. Rb1 Rb7 34.
Be3 Rxd5 35. c4 Re5 36. cxb5 Rexb5 37. Rd1 Rd7 38. Rd2 d5 39. Kg3 d4 40. Rxd4
Rxd4 41. Bxd4 g5 42. f4 Rb3+ 43. Kf2 gxf4 44. Be5 Rb4 45. Kf3 Re4 46. Bxf4 Ke6
47. g4 Kf6 48. g5+ Kg6 49. h4 Kh5 50. Bg3 h6 51. gxh6 Kxh6 52. Bf4+ Kg6 53. Bg5
Rg4 54. Ke3 Rxg5 55. hxg5 Kxg5 56. Kf3 Kf6 57. Kf4 Ke6 58. Kf3 Ke5 59. Ke3 f4+
60. Kf3 Kf5 61. Kf2 Ke4 62. Ke2 f3+ 63. Kf2 Kf4 64. Kf1 Ke4 65. Kf2 Kf4 66. Kf1
Ke3 67. Ke1 Kd4 68. Kf2 Ke4 69. Kf1 Kf5 70. Kf2 Kg4 71. Kf1 Kg3 72. Kg1 f2+ 73.
Kf1 Kh2 74. Kxf2 1/2-1/2

[Event "DEM U10 2019"]
[Site "Willingen GER"]
[Date "2019.06.15"]
[Round "11"]
[White "Scheerer, Julian"]
[Black "Theviot, Luca"]
[Result "1-0"]
[Termination "normal"]
[Board "22"]
[WhiteElo "1395"]
[BlackElo "1276"]
[PlyCount "63"]
[WhiteFideId "16265769"]
[BlackFideId "16277449"]
[EventCountry "GER"]
[EventRounds "11"]
[EventType "swiss"]
[EventDate "2019.06.08"]

1. e4 c5 2. Nf3 Nc6 3. d4 cxd4 4. Nxd4 Nf6 5. Nc3 e5 6. Ndb5 d6 7. Nd5 Nxd5 8.
exd5 Ne7 9. Be3 a6 10. Nc3 Ng6 11. g3 Be7 12. Bg2 O-O 13. O-O f5 14. f4 e4 15.
Ne2 h5 16. Rc1 h4 17. Kf2 Kf7 18. Rh1 Rh8 19. Bh3 Bd7 20. Nd4 Kf6 21. Nxf5 Bxf5
22. Bd4+ Ne5 23. fxe5+ dxe5 24. Bxf5 Kxf5 25. Be3 hxg3+ 26. Kxg3 Bh4+ 27. Kg2
Rf8 28. Rf1+ Kg6 29. Qg4+ Kh7 30. Rxf8 Qxf8 31. Qxh4+ Kg8 32. Qxe4 1-0

[Event "DEM U10 2019"]
[Site "Willingen GER"]
[Date "2019.06.15"]
[Round "11"]
[White "Yue, Qihang"]
[Black "Herrmann, Arthur"]
[Result "1/2-1/2"]
[Termination "normal"]
[Board "23"]
[WhiteElo "1354"]
[BlackElo "1233"]
[PlyCount "89"]
[WhiteFideId "16278968"]
[BlackFideId "16287150"]
[EventCountry "GER"]
[EventRounds "11"]
[EventType "swiss"]
[EventDate "2019.06.08"]

1. d4 d5 2. c4 e6 3. Nc3 Nf6 4. Nf3 Nbd7 5. Bg5 c6 6. e3 h6 7. Bh4 Be7 8. Bd3
dxc4 9. Bxc4 O-O 10. O-O Nd5 11. Bxe7 Qxe7 12. Qc2 Nb4 13. Qb3 Nb6 14. Be2 N6d5
15. a3 Nxc3 16. Qxc3 Nd5 17. Qc2 Bd7 18. Ne5 Rfe8 19. Bh5 Rf8 20. Rfe1 Nf6 21.
Be2 Rac8 22. Rac1 Rfe8 23. Bd3 Qd6 24. Nf3 Rc7 25. e4 Qe7 26. e5 Nd5 27. Nd2
Nb6 28. Ne4 Nc8 29. Nc5 Rd8 30. Re3 Be8 31. Nb3 Nb6 32. Rg3 Nd5 33. Qd2 Kh8 34.
Rh3 Qf8 35. Re1 Rdd7 36. Nc5 Re7 37. Re4 f5 38. Re1 Bg6 39. Rg3 Bh7 40. f4 b6
41. Nb3 Rf7 42. Rc1 Qd8 43. Rf3 Bg6 44. Rff1 Bh5 45. Qf2 1/2-1/2

[Event "DEM U10 2019"]
[Site "Willingen GER"]
[Date "2019.06.15"]
[Round "11"]
[White "Yang, Marco"]
[Black "Jumah, Shayan"]
[Result "1-0"]
[Termination "normal"]
[Board "24"]
[WhiteElo "1278"]
[BlackElo "1295"]
[PlyCount "57"]
[WhiteFideId "16254260"]
[BlackFideId "16281888"]
[EventCountry "GER"]
[EventRounds "11"]
[EventType "swiss"]
[EventDate "2019.06.08"]

1. e4 e6 2. d4 d5 3. Nc3 dxe4 4. Nxe4 Nd7 5. Nf3 Ngf6 6. Nxf6+ Nxf6 7. Bd3 Bd6
8. O-O O-O 9. b3 Re8 10. Bb2 Nd7 11. Qe2 f6 12. Rfe1 e5 13. Qd2 Nb6 14. dxe5
fxe5 15. Nxe5 Qh4 16. Nf3 Qh5 17. Qc3 Bf8 18. Rxe8 Qxe8 19. Re1 Qh5 20. Re7 Qh6
21. Re8 Bg4 22. Bc4+ Kh8 23. Ne5 Bh5 24. Rxa8 Nxa8 25. Nd7 Be7 26. Ne5 Bf6 27.
g4 Bxe5 28. Qxe5 Bxg4 29. Qe8# 1-0

[Event "DEM U10 2019"]
[Site "Willingen GER"]
[Date "2019.06.15"]
[Round "11"]
[White "Herrmann, Jakob"]
[Black "Barthel, Jacob"]
[Result "1-0"]
[Termination "normal"]
[Board "25"]
[WhiteElo "1124"]
[BlackElo "1150"]
[PlyCount "77"]
[WhiteFideId "16287169"]
[BlackFideId "16273346"]
[EventCountry "GER"]
[EventRounds "11"]
[EventType "swiss"]
[EventDate "2019.06.08"]

1. e4 e5 2. Nf3 Nc6 3. d4 exd4 4. Nxd4 d6 5. Nc3 Nf6 6. Be2 Be7 7. Be3 b6 8.
Bb5 Bd7 9. Nxc6 O-O 10. Nxd8 Raxd8 11. Bxd7 Rxd7 12. O-O Rfd8 13. f3 Bf8 14.
Nd5 Ne8 15. Qe1 c6 16. Nb4 Nc7 17. Nxc6 Ra8 18. Qg3 g6 19. Rad1 Ne6 20. Nd4 Ng7
21. Qg4 Rb7 22. Bh6 f6 23. Bxg7 Rxg7 24. Ne6 Re7 25. f4 Rd7 26. Nxf8 Rf7 27.
Ne6 Re8 28. f5 g5 29. h4 h6 30. Rxd6 Rc8 31. Rd8+ Rxd8 32. Nxd8 Rd7 33. Ne6 Rd2
34. hxg5 Rxg2+ 35. Kxg2 Kf7 36. gxh6 Ke7 37. Rd1 a5 38. Qg7+ Ke8 39. Rd8# 1-0

[Event "DEM U10 2019"]
[Site "Willingen GER"]
[Date "2019.06.15"]
[Round "11"]
[White "Brandt, Mattis"]
[Black "Schlange, Jonathan"]
[Result "0-1"]
[Termination "normal"]
[Board "26"]
[WhiteElo "1359"]
[BlackElo "1488"]
[PlyCount "88"]
[WhiteFideId "16267397"]
[BlackFideId "16287240"]
[EventCountry "GER"]
[EventRounds "11"]
[EventType "swiss"]
[EventDate "2019.06.08"]

1. e4 c5 2. Nf3 d6 3. d4 cxd4 4. Nxd4 Nf6 5. Nc3 g6 6. f3 Bg7 7. Be3 O-O 8. Qd2
Nc6 9. O-O-O Be6 10. Nxe6 fxe6 11. Bc4 Qd7 12. h4 Ne5 13. Bb3 a6 14. Rhf1 Nh5
15. Rf2 b5 16. Rdf1 Bh8 17. g4 Ng3 18. Rg1 Nxf3 19. Qd1 Nxg1 20. Qxg1 Bxc3 21.
bxc3 Rxf2 22. Qxf2 Nxe4 23. Qf3 d5 24. Bd4 Rf8 25. Qe3 Nf6 26. Qh6 Rf7 27. Qg5
a5 28. a3 a4 29. Ba2 Ne4 30. Qe5 Rf1+ 31. Kb2 Kf7 32. Qg7+ Ke8 33. Qg8+ Rf8 34.
Qxh7 g5 35. Bg7 Nf6 36. Qh6 Rg8 37. Qxg5 Kf7 38. Qf4 Kxg7 39. Qd4 Kf7 40. Qf4
Rxg4 41. Qh6 Rg6 42. Qf4 Qd6 43. Qf3 e5 44. h5 Rh6 0-1

[Event "DEM U10 2019"]
[Site "Willingen GER"]
[Date "2019.06.15"]
[Round "11"]
[White "Detjen, Mattes"]
[Black "Mühlbauer, Adrian"]
[Result "1-0"]
[Termination "normal"]
[Board "28"]
[WhiteElo "1296"]
[BlackElo "1193"]
[PlyCount "33"]
[WhiteFideId "16235690"]
[BlackFideId "16287223"]
[EventCountry "GER"]
[EventRounds "11"]
[EventType "swiss"]
[EventDate "2019.06.08"]

1. e4 e5 2. Nf3 Nc6 3. d4 Nf6 4. Nc3 exd4 5. Nxd4 Bb4 6. Nxc6 bxc6 7. Bd3 O-O
8. O-O Bxc3 9. bxc3 Rb8 10. Bg5 h6 11. Bh4 d5 12. e5 g5 13. exf6 gxh4 14. Qf3
Kh8 15. Qf4 Qd6 16. Qxh6+ Kg8 17. Qg7# 1-0

[Event "DEM U10 2019"]
[Site "Willingen GER"]
[Date "2019.06.15"]
[Round "11"]
[White "Rau, Eduard"]
[Black "Huang, Luca Hanson"]
[Result "1-0"]
[Termination "normal"]
[Board "29"]
[WhiteElo "1221"]
[BlackElo "1261"]
[PlyCount "137"]
[WhiteFideId "16287231"]
[BlackFideId "16279182"]
[EventCountry "GER"]
[EventRounds "11"]
[EventType "swiss"]
[EventDate "2019.06.08"]

1. e4 c5 2. Nf3 e6 3. d4 cxd4 4. Nxd4 a6 5. Nc3 Qc7 6. g3 Nf6 7. Bg2 Bb4 8. Bd2
Nc6 9. Nxc6 bxc6 10. O-O d5 11. Nxd5 Nxd5 12. exd5 Bxd2 13. Qxd2 cxd5 14. Rfe1
O-O 15. Rac1 Rb8 16. b3 Bd7 17. c4 dxc4 18. Rxc4 Qd8 19. Rd4 Qe7 20. Rxd7 Rfd8
21. Rd1 Rxd7 22. Qxd7 Qxd7 23. Rxd7 Rc8 24. Bf3 Kf8 25. Be4 f5 26. Bb7 Rc2 27.
Bxa6 Rxa2 28. Bc4 Rb2 29. Bxe6 h6 30. Rb7 g6 31. Bf7 Kg7 32. b4 Kf6 33. b5 g5
34. Bc4 Rb4 35. Rc7 Rb2 36. Rc6+ Kg7 37. b6 f4 38. gxf4 gxf4 39. b7 Rxb7 40.
Bd5 Rb5 41. Rc7+ Kf6 42. Bc4 Rb4 43. Kg2 Kg5 44. Bd3 Rb3 45. Bh7 Kg4 46. h3+
Kh4 47. Rg7 h5 48. Bg6 Rxh3 49. Rh7 f3+ 50. Kg1 Kg5 51. Rg7 Kh6 52. Bf5 Rh4 53.
Rg6+ Kh7 54. Rg4+ Kh6 55. Rxh4 Kg5 56. Rh3 Kxf5 57. Rxh5+ Kg4 58. Rh8 Kg5 59.
Kh2 Kg4 60. Rf8 Kh4 61. Rxf3 Kg4 62. Rf8 Kg5 63. Kg3 Kg6 64. f4 Kg7 65. Rf5 Kg6
66. Kg4 Kg7 67. Kg5 Kg8 68. Kg6 Kh8 69. Rf8# 1-0

[Event "DEM U12w 2019"]
[Site "Willingen GER"]
[Date "2019.06.09"]
[Round "2"]
[White "Labuda, Annika"]
[Black "Zhou, Lepu Coco"]
[Result "0-1"]
[Termination "normal"]
[Board "1"]
[WhiteElo "1251"]
[BlackElo "1724"]
[WhiteClock "01:17:02"]
[BlackClock "00:52:04"]
[PlyCount "116"]
[WhiteFideId "16261453"]
[BlackFideId "16217136"]
[EventCountry "GER"]
[EventRounds "9"]
[EventType "swiss"]
[EventDate "2019.06.08"]

1. e4 {[%clk 1:30:57]} 1... e5 {[%clk 1:30:52]} 2. Nf3 {[%clk 1:31:11]} 2...
Nc6 {[%clk 1:31:13]} 3. Nc3 {[%clk 1:31:29]} 3... Nf6 {[%clk 1:31:37]} 4. d4 {
[%clk 1:31:52]} 4... exd4 {[%clk 1:32:00]} 5. Nxd4 {[%clk 1:32:16]} 5... Bb4 {
[%clk 1:32:22]} 6. Nxc6 {[%clk 1:32:39]} 6... bxc6 {[%clk 1:32:45]} 7. Bd3 {
[%clk 1:32:59]} 7... d5 {[%clk 1:33:09]} 8. exd5 {[%clk 1:33:18]} 8... cxd5 {
[%clk 1:33:33]} 9. O-O {[%clk 1:33:41]} 9... O-O {[%clk 1:33:57]} 10. h3 {
[%clk 1:34:07]} 10... Be6 {[%clk 1:31:31]} 11. Qf3 {[%clk 1:33:27]} 11... c6 {
[%clk 1:29:47]} 12. Bf4 {[%clk 1:32:58]} 12... Bd6 {[%clk 1:29:24]} 13. Rad1 {
[%clk 1:32:18]} 13... Bxf4 {[%clk 1:28:08]} 14. Qxf4 {[%clk 1:32:39]} 14... Qb8
{[%clk 1:28:27]} 15. Qxb8 {[%clk 1:32:35]} 15... Raxb8 {[%clk 1:28:47]} 16. b3
{[%clk 1:32:48]} 16... Nd7 {[%clk 1:28:12]} 17. Na4 {[%clk 1:32:16]} 17... Ne5
{[%clk 1:27:55]} 18. Nc5 {[%clk 1:30:41]} 18... Nxd3 {[%clk 1:27:39]} 19. Nxe6
{[%clk 1:30:08]} 19... fxe6 {[%clk 1:25:12]} 20. Rxd3 {[%clk 1:30:25]} 20... e5
{[%clk 1:25:02]} 21. Rc3 {[%clk 1:30:04]} 21... Rf6 {[%clk 1:23:49]} 22. Re3 {
[%clk 1:29:45]} 22... e4 {[%clk 1:23:54]} 23. f3 {[%clk 1:29:40]} 23... Rbf8 {
[%clk 1:24:15]} 24. c3 {[%clk 1:29:34]} 24... g6 {[%clk 1:22:59]} 25. g4 {
[%clk 1:28:58]} 25... exf3 {[%clk 1:21:25]} 26. Kf2 {[%clk 1:28:59]} 26... c5 {
[%clk 1:18:57]} 27. Rd3 {[%clk 1:28:54]} 27... Ra6 {[%clk 1:18:24]} 28. Ra1 {
[%clk 1:28:05]} 28... c4 {[%clk 1:17:14]} 29. Rxd5 {[%clk 1:27:56]} 29... cxb3
{[%clk 1:17:35]} 30. Rb5 {[%clk 1:28:14]} 30... bxa2 {[%clk 1:17:39]} 31. Rb2 {
[%clk 1:28:26]} 31... Rc6 {[%clk 1:14:41]} 32. Raxa2 {[%clk 1:28:42]} 32... a6
{[%clk 1:14:07]} 33. Ra3 {[%clk 1:28:47]} 33... Rfc8 {[%clk 1:05:59]} 34. Rbb3
{[%clk 1:27:17]} 34... Rf8 {[%clk 1:03:57]} 35. Rb4 {[%clk 1:26:46]} 35... h5 {
[%clk 1:01:13]} 36. Re4 {[%clk 1:25:59]} 36... hxg4 {[%clk 0:58:33]} 37. Rxg4 {
[%clk 1:22:51]} 37... Re6 {[%clk 0:57:04]} 38. Ra2 {[%clk 1:22:32]} 38... Kg7 {
[%clk 0:51:42]} 39. Rg3 {[%clk 1:22:34]} 39... Ref6 {[%clk 0:51:36]} 40. Ra3 {
[%clk 1:22:13]} 40... R8f7 {[%clk 0:48:13]} 41. c4 {[%clk 1:22:13]} 41... Kf8 {
[%clk 0:48:33]} 42. Rgxf3 {[%clk 1:21:40]} 42... Rxf3+ {[%clk 0:48:58]} 43.
Rxf3 {[%clk 1:21:58]} 43... Rxf3+ {[%clk 0:48:42]} 44. Kxf3 {[%clk 1:22:22]}
44... Ke7 {[%clk 0:48:56]} 45. Ke3 {[%clk 1:22:47]} 45... Kd6 {[%clk 0:49:16]}
46. Kd3 {[%clk 1:23:10]} 46... Kc5 {[%clk 0:49:40]} 47. Kc3 {[%clk 1:23:34]}
47... a5 {[%clk 0:50:07]} 48. Kb3 {[%clk 1:22:11]} 48... g5 {[%clk 0:48:27]}
49. Ka4 {[%clk 1:21:46]} 49... Kxc4 {[%clk 0:48:52]} 50. Kxa5 {[%clk 1:22:08]}
50... Kd4 {[%clk 0:49:16]} 51. Kb4 {[%clk 1:22:30]} 51... Ke4 {[%clk 0:49:39]}
52. Kc4 {[%clk 1:22:46]} 52... Kf4 {[%clk 0:50:03]} 53. Kd3 {[%clk 1:22:47]}
53... Kg3 {[%clk 0:50:27]} 54. Ke2 {[%clk 1:19:33]} 54... Kxh3 {[%clk 0:50:39]}
55. Kf2 {[%clk 1:17:53]} 55... g4 {[%clk 0:50:53]} 56. Kg1 {[%clk 1:17:31]}
56... Kg3 {[%clk 0:51:16]} 57. Kh1 {[%clk 1:16:38]} 57... Kf2 {[%clk 0:51:39]}
58. Kh2 {[%clk 1:17:02]} 58... g3+ {[%clk 0:52:04]} 0-1

[Event "DEM U12w 2019"]
[Site "Willingen GER"]
[Date "2019.06.09"]
[Round "2"]
[White "Ramien, Hannah"]
[Black "Pohle, Saskia"]
[Result "1/2-1/2"]
[Termination "normal"]
[Board "2"]
[WhiteElo "1296"]
[BlackElo "1819"]
[WhiteClock "00:17:47"]
[BlackClock "00:26:43"]
[PlyCount "93"]
[WhiteFideId "16209982"]
[BlackFideId "16201604"]
[EventCountry "GER"]
[EventRounds "9"]
[EventType "swiss"]
[EventDate "2019.06.08"]

1. e4 {[%clk 1:30:58]} 1... c5 {[%clk 1:30:55]} 2. Nc3 {[%clk 1:31:14]} 2... a6
{[%clk 1:31:21]} 3. f4 {[%clk 1:31:26]} 3... b5 {[%clk 1:31:44]} 4. Nf3 { [%clk
1:30:58]} 4... Bb7 {[%clk 1:32:07]} 5. d3 {[%clk 1:31:16]} 5... e6 { [%clk
1:32:20]} 6. Be2 {[%clk 1:31:01]} 6... d5 {[%clk 1:32:23]} 7. exd5 { [%clk
1:18:35]} 7... exd5 {[%clk 1:32:45]} 8. d4 {[%clk 1:18:02]} 8... Nf6 { [%clk
1:33:10]} 9. O-O {[%clk 1:06:28]} 9... Be7 {[%clk 1:32:43]} 10. Be3 { [%clk
1:04:10]} 10... Ng4 {[%clk 1:28:21]} 11. Qd2 {[%clk 1:03:33]} 11... Nxe3 {[%clk
1:28:21]} 12. Qxe3 {[%clk 1:03:54]} 12... Nc6 {[%clk 1:25:59]} 13. Rad1 {[%clk
0:59:33]} 13... cxd4 {[%clk 1:17:24]} 14. Nxd4 {[%clk 0:59:25]} 14... O-O
{[%clk 1:15:20]} 15. Nxc6 {[%clk 0:57:55]} 15... Bxc6 {[%clk 1:15:41]} 16. Bf3
{[%clk 0:55:43]} 16... d4 {[%clk 1:07:23]} 17. Qe2 {[%clk 0:45:38]} 17... Bxf3
{[%clk 1:07:30]} 18. Qxf3 {[%clk 0:45:56]} 18... Bc5 {[%clk 1:06:14]} 19. Kh1
{[%clk 0:46:14]} 19... Qc7 {[%clk 1:04:29]} 20. Ne4 {[%clk 0:44:27]} 20... Ba7
{[%clk 1:04:09]} 21. c3 {[%clk 0:44:08]} 21... Rad8 {[%clk 1:01:43]} 22. cxd4
{[%clk 0:42:08]} 22... Rxd4 {[%clk 1:01:29]} 23. Rxd4 {[%clk 0:41:30]} 23...
Bxd4 {[%clk 1:01:51]} 24. Qe2 {[%clk 0:38:56]} 24... Qc6 {[%clk 0:58:32]} 25.
Rd1 {[%clk 0:37:57]} 25... Ba7 {[%clk 0:55:04]} 26. Rd6 {[%clk 0:37:42]} 26...
Qc1+ {[%clk 0:54:45]} 27. Qd1 {[%clk 0:36:32]} 27... Qxf4 {[%clk 0:54:14] } 28.
Rxa6 {[%clk 0:36:32]} 28... Bb8 {[%clk 0:54:12]} 29. Ng3 {[%clk 0:36:50]} 29...
Qf2 {[%clk 0:52:07]} 30. Ne2 {[%clk 0:36:04]} 30... Ba7 {[%clk 0:48:15]} 31.
Rd6 {[%clk 0:33:38]} 31... Bb6 {[%clk 0:46:34]} 32. Rd2 {[%clk 0:27:38]} 32...
Re8 {[%clk 0:45:21]} 33. b3 {[%clk 0:26:11]} 33... h6 {[%clk 0:44:01]} 34. Rc2
{[%clk 0:24:43]} 34... Re6 {[%clk 0:42:54]} 35. Rc8+ {[%clk 0:23:45]} 35... Kh7
{[%clk 0:43:11]} 36. Rc2 {[%clk 0:24:01]} 36... f5 {[%clk 0:40:33]} 37. h3
{[%clk 0:23:53]} 37... f4 {[%clk 0:34:27]} 38. Kh2 {[%clk 0:22:25]} 38... Rg6
{[%clk 0:28:52]} 39. Qg1 {[%clk 0:19:12]} 39... Qh4 {[%clk 0:29:01]} 40. Qf1
{[%clk 0:19:08]} 40... Be3 {[%clk 0:27:38]} 41. a4 {[%clk 0:17:27]} 41... bxa4
{[%clk 0:26:43]} 42. bxa4 {[%clk 0:17:47]} 42... Qg5 43. Rc4 Rf6 44. a5 Qxa5
45. Nxf4 Qe5 46. Qb1+ Rf5 47. g3 1/2-1/2